The Flaming Year: (Record no. 206080)

MARC details
000 -LEADER
fixed length control field 00826nam a22002297a 4500
005 - DATE AND TIME OF LATEST TRANSACTION
control field 20241003154001.0
010 ## - LCCN (DPL NO)
LC control number ENG-141896
020 ## - INTERNATIONAL STANDARD BOOK NUMBER
International Standard Book Number 9788180643859
Terms of availability 350.00
035 ## - SYSTEM CONTROL NUMBER
System control number EN-125428
037 ## - SOURCE OF ACQUISITION
Source of stock number/acquisition DBAD
082 ## - DEWEY DECIMAL CLASSIFICATION NUMBER
Classification number 954.0841
Edition number 1
245 ## - TITLE STATEMENT
Title The Flaming Year:
Remainder of title The Blazing Destiny/
Statement of responsibility, etc Ed. by Sk Ali Abbas Mamud Bibhas Biswas [and] Forword By Ranjit Sen
250 ## - EDITION STATEMENT
Edition statement 1
260 ## - PUBLICATION, DISTRIBUTION, ETC. (IMPRINT)
Place of publication, distribution, etc Kolkata
Name of publisher, distributor, etc Progressive Publishers
Date of publication, distribution, etc 2022
270 ## - ADDRESS
City Kolkata
Address 37A, College Street
Postal code 700073
Electronic mail address progressivepubl@yahoo.co.in
Telephone number 9830305810
-- 9038296630
300 ## - PHYSICAL DESCRIPTION
Extent 327p.
Other physical details Index
Dimensions 22cm(hb)
500 ## - GENERAL NOTE
General note India During the Quit India Movement of 1942
700 ## - ADDED ENTRY--PERSONAL NAME
Personal name Mamud , Sk Ali Abbas
Relator term Editor
9 (RLIN) 72327
700 ## - ADDED ENTRY--PERSONAL NAME
Personal name Biswas, Bibhas
Relator term Editor
9 (RLIN) 72329
700 ## - ADDED ENTRY--PERSONAL NAME
Personal name Sen, Ranjit
9 (RLIN) 72331
942 ## - ADDED ENTRY ELEMENTS (KOHA)
Source of classification or shelving scheme Dewey Decimal Classification
Item type English Books
Call number suffix FLA
Classification part 954.0841
Holdings
Withdrawn status Lost status Not for loan Collection code Home library Current library Date acquired Source of acquisition Cost, normal purchase price Full call number Barcode Copy number Cost, replacement price Koha item type
      Non-fiction Central Library Central Library 03/10/2024 Delivery of Books Act Division 350.00 FLA 954.0841 EN-125428 1 350.00 English Books

© Delhi Public Library
Hit Counter
free hit counter